| 000 | 00429nam a2200157 a 4500 | ||
|---|---|---|---|
| 005 | 20250909115334.0 | ||
| 008 | 250906s1991##################000#0#eng## | ||
| 020 |
_a9780820419039 _qhbk |
||
| 082 | 0 | 4 |
_a128.5 _bATK.5 |
| 100 | 1 | _aAtkinson, David W | |
| 245 | 1 | 0 |
_aThe English Ars Moriendi _cDavid W Atkinson |
| 260 |
_bPeter Lang _c1992 _aNew York |
||
| 300 |
_a387 p. _c24 cm. |
||
| 650 | 0 | _aLiterature ; Death | |
| 942 | _cENGLISH | ||
| 999 |
_c585871 _d585871 |
||